000 00825cam a2200241 a 4500
001 000005499
005 20200929151707.0
008 910319s1990 sp a 000 p spa
020 _a8437609313
040 _aDO-SdBNP
_cDLC
_dDLC
082 _a861.3
_bT213p
100 1 _aTassis, Juan de,
_cconde de Villamediana,
_d1580-1622.
_915583
245 1 0 _aPoesía impresa completa /
_cJuan de Tassis, conde de Villamediana ; edición, José Francisco Ruiz Casanova.
260 _aMadrid :
_bCátedra,
_c1990.
300 _a1254 p. :
_bil. ;
_c18 cm.
490 1 _aLetras hispánicas
_v320
650 4 _aPoesía española
_9631
650 4 _aLiteratura española
_9632
700 1 _aRuiz Casanova, José Francisco,
_eed.
_98161
830 0 _aLetras hispánicas ;
_v320
_94208
910 _aCatalogación por copia / LC
910 _aWM
999 _c5298
_d5298